00254nam a2200121Ia 45000030006000000080041000060400015000471000022000622450010000842600009000945460012001030050017001150STCL150530s9999 xx 000 0 und d aSTCLcSTCL aRichards,J.A. Ed. aDrama c1924 aEnglish20220125171001.0